000 00382nam a22001697a 4500
003 OSt
005 20211105085637.0
008 211105b |||||||| |||| 00| 0 eng d
020 _a9780618659536
040 _cHU
082 _a658
100 _aGILLESPIE KATE
_917010
245 _aGLOBAL MARECTING
260 _aBOSTON
_bNEW YORK
_c2007
300 _a619
942 _2ddc
_cBOOKS
_n0
999 _c16845
_d16845